| 000 | 00355nam a2200133Ia 4500 | ||
|---|---|---|---|
| 008 | 231019s9999 xx 000 0 und d | ||
| 082 |
_a330 _bHIS-E |
||
| 100 | _aRobert D.Hisrich, Phd, Michael P.Peters & Dean A.Shepherd | ||
| 245 | 0 | _aEnterpreneurship | |
| 260 |
_aIrwin _bMcGraw Hill _c2009 |
||
| 300 | _a602 | ||
| 650 | _aComputer Science | ||
| 999 |
_c34598 _d34598 |
||